000 00701nmm a2200193Ia 4500
008 251105s9999||||xx |||||||||||||||||und||
020 _a9788415770558
041 _aspa
100 _aDíez Medina, Carmen
245 0 _aSesiones internacionales de arquitectura y ciudad. 2012 Paisaje urbano y paisajismo contemporáneo :
_b 2012 Paisaje urbano y paisajismo contemporáneo
264 _a[Madrid, España] :
_bPrensas Universitarias de Zaragoza,
_c2013
300 _a76 páginas
490 _aArquitectura
650 _aArchitecture & Sculpture
700 _aDíez Medina, Carmen
700 1 _a Pérez Moreno, Lucía C.
856 _uhttps://public.digitaliapublishing.com/a/42777
942 _cCF
999 _c64789
_d64789